000 01181nam a2200277 a 4500
003 BLK
005 20250630164343.0
008 230329b bu |||||||||| 00| | bu d
020 _a9786192290788
040 _aBLK
041 _aBUL
_cBUL
080 _aИздания за деца и юноши. Книжки-картинки. Читанки. Вж и 372.4
_b087.5
_z087.5
080 _aАмериканска литература (на САЩ)
_b821.111(73)
_x-93-34
_z821.111(73)-93-34
100 _91299
_aМойл, Сабрина
_eпърви автор
139 _aМойл, Сабрина
_bМ 80
245 _aМега Пиш и Супер Ако : Приключения с гърне
_cСабрина Мойл ; ил. Юнис Мойл ; прев. Диана Бойчева
260 _9487273
_aСофия
_bРакета
_c2022
300 _a24 с.
_bс цв. ил.
_c17х17 см
380 _aDX
700 _9599
_aМойл, Юнис
_eил.
700 _9966
_aБойчева, Диана
_eпрев.
852 _aЦб І 42494
_bЦб
856 _i0.00
_ldisable
942 _cKNG
_n0
_s1
_012
944 _aCR
_c2023-07-07
_k30537
_lГрета Цуфелде
999 _c490396
_d490396